Państwa kończące się na -lia - Statystyki

Ogólne statystyki
  • Ten quiz został rozwiązany 159 razy
  • Średni wynik to 4 z 5
Statystyki odpowiedzi
Kontynent Państwo % Poprawnych
Ameryka Południowa Brazylia
93%
Australia i Oceania Australia
92%
Europa Portugalia
83%
Azja Mongolia
81%
Afryka Somalia
81%
Nie znaleziono quizów pasujących do podanych kryteriów
Rozkład punktacji
Procent ludzi z każdym wynikiem
Percentyl według liczby udzielonych odpowiedzi
Twoja historia wyników
Nie rozwiązałeś tego quizu